| 000 | 00524nam a22001697a 4500 | ||
|---|---|---|---|
| 003 | OSt | ||
| 005 | 20251024014715.0 | ||
| 008 | 251024b |||||||| |||| 00| 0 eng d | ||
| 040 |
_aDWC - Main Lib _cOC |
||
| 082 | _aFil. 248.80 W582m 2011 | ||
| 100 | _aWhite, Ellen G. | ||
| 245 |
_aMensahe sa mga kabataan _cEllen G. White |
||
| 260 |
_aManila, Philippines: _bPhilippine Publishing House, _cc2011. |
||
| 300 |
_a586 pages: _billustrations; _c19 cm. |
||
| 650 | _aMessage - young people. | ||
| 942 |
_2ddc _cBK - FIL _kFil. _n0 |
||
| 999 |
_c5083 _d5083 |
||